Statistics for Maya Hawke - Sweet Tooth (Lyrics)

Click here to take the quiz!

General Stats

  • This quiz has been taken 26 times
  • The average score is 200 of 264

Answer Stats

Answer% Correct
a
100%
I
94%
my
94%
My
94%
sweet
94%
to
94%
tooth
94%
an
88%
and
88%
And
88%
big,
88%
Big,
88%
good
88%
I'll
88%
love
88%
Love
88%
So
88%
sore
88%
the
88%
When
88%
you
88%
About
82%
any
82%
call
82%
ever
82%
every
82%
everything
82%
for
82%
her
82%
I'm
82%
It
82%
it
82%
me
82%
mother
82%
Of
82%
of
82%
on
82%
only
82%
put
82%
reason
82%
she
82%
sick
82%
still
82%
talk
82%
that
82%
through
82%
be
76%
do
76%
grateful
76%
in
76%
In
76%
It's
76%
protect
76%
suffering,
76%
lie
71%
say
71%
Told
71%
wants
71%
whatever
71%
accountant
65%
anything
65%
if
65%
is
65%
loved
65%
make
65%
stop
65%
thing
65%
better
59%
bit
59%
empty
59%
everybody
59%
hard
59%
hated
59%
I'd
59%
just
59%
movie
59%
or
59%
piece
59%
place
59%
really
59%
saw
59%
soundbite
59%
such
59%
Swear
59%
used
59%
called,
53%
cherry
53%
collapsed
53%
Duluth
53%
Forgot
53%
found
53%
instead,
53%
little
53%
mean
53%
molar
53%
moonlight
53%
plastic
53%
saying
53%
someone
53%
something
53%
stars
53%
summer
53%
theatre
53%
where
53%
beneath
47%
bone
47%
broke
47%
cold
47%
frantic
47%
have
47%
heat
47%
Like
47%
loves
47%
Search
47%
seed
47%
Sucking
47%
worst
47%
bat
41%
felt
41%
get
41%
glacier
41%
helps
41%
hole,
41%
into
41%
melting
41%
need
41%
was
41%
with
41%
mouth
35%
up
35%
full
29%
lightning
29%
outlet
29%
shock,
29%

Score Distribution

Percentile by Number Answered

Percent of People with Each Score

Your Score History

You have not taken this quiz